PERSONALITY STUDIES IN PERSONAL DEVELOPMENT (Record no. 877129)

MARC details
000 -LEADER
fixed length control field 00393nam a2200145Ia 4500
008 - FIXED-LENGTH DATA ELEMENTS--GENERAL INFORMATION
fixed length control field 231004s2019 xx 000 0 und d
020 ## - INTERNATIONAL STANDARD BOOK NUMBER
International Standard Book Number 9788193308615
041 ## - LANGUAGE CODE
Language code of text/sound track or separate title eng
082 ## - DEWEY DECIMAL CLASSIFICATION NUMBER
Classification number 174
Item number SPI
100 ## - MAIN ENTRY--PERSONAL NAME
Personal name SPILLMAN, H C
245 ## - TITLE STATEMENT
Title PERSONALITY STUDIES IN PERSONAL DEVELOPMENT
260 ## - PUBLICATION, DISTRIBUTION, ETC.
Place of publication, distribution, etc. NEW DELHI
Name of publisher, distributor, etc. SHRI SAI PRINTO GRAPHERS
Date of publication, distribution, etc. 2019
300 ## - PHYSICAL DESCRIPTION
Extent 120
650 ## - SUBJECT ADDED ENTRY--TOPICAL TERM
Topical term or geographic name entry element PERSONALITY DEVELOPMENT
Holdings
Withdrawn status Lost status Damaged status Not for loan Collection Home library Current library Shelving location Date acquired Cost, normal purchase price Total Checkouts Full call number Barcode Date last seen Price effective from Koha item type
        BPED College of Physical Education, Pune College of Physical Education, Pune R19/6 01/03/2022 695.00   174/SPI PEP-BPED-5132 06/10/2023 06/10/2023 Book